Olympia 2024 Basketball: Team USA - Statistiken

Allgemein
  • Dieses Quiz wurde 290 mal gespielt
  • Das Durchschnittsergebnis liegt bei 11 aus 13
Antwortstatistiken
Position Team Spieler % Korrekt
Forward Lakers LeBron James
99%
Guard Warriors Steph Curry
99%
Forward Celtics Jayson Tatum
89%
Forward Suns Kevin Durant
89%
Guard Wolves Anthony Edwards
85%
Forward/Center Lakers Anthony Davis
84%
Guard Suns Devin Booker
84%
Center Sixers Joel Embiid
81%
Guard Pacers Tyrese Haliburton
79%
Coach Warriors Steve Kerr
71%
Center Heat Bam Adebayo
70%
Guard Celtics Derrick White
67%
Guard Bucks Jrue Holiday
62%
Keine übereinstimmenden Quizze gefunden
Verteilung der Resultate
Anzahl Personen mit jedem Resultat
Perzentil nach korrekt beantworteten Fragen
Ihre Resultats-Entwicklung
Sie haben dieses Quiz noch nicht gespielt